THE GIRL IN ROOM 105 (Record no. 6889)
[ view plain ]
| 000 -LEADER | |
|---|---|
| fixed length control field | 00601nam a22001457a 4500 |
| 020 ## - INTERNATIONAL STANDARD BOOK NUMBER | |
| ISBN | 9781542040464 |
| 082 ## - DEWEY DECIMAL CLASSIFICATION NUMBER | |
| Classification number | 823 |
| Item number | BHA/G |
| 100 ## - MAIN ENTRY--AUTHOR NAME | |
| Personal name | BHAGAT, CHETAN |
| 245 ## - TITLE STATEMENT | |
| Title | THE GIRL IN ROOM 105 |
| 260 ## - PUBLICATION, DISTRIBUTION, ETC. (IMPRINT) | |
| Place of publication | US |
| Name of publisher | WESTLAND, SEATTLE |
| 300 ## - PHYSICAL DESCRIPTION | |
| Number of Pages | 304 |
| 520 ## - SUMMARY, ETC. | |
| Summary, etc | It tells about an IIT coaching class tutor who goes to wish his ex-girlfriend on her birthday and finds her murdered. The rest of the story is his journey where he stands by his ex-girlfriend after her death to find justice. The book also addresses the stereotypes and political issues in India. |
| 650 ## - SUBJECT ADDED ENTRY--TOPICAL TERM | |
| Topical Term | ENGLISH STORY |
| Geographic subdivision | US |
| 942 ## - ADDED ENTRY ELEMENTS (KOHA) | |
| Koha item type | Books |
| Withdrawn status | Lost status | Collection code | Home library | Current library | Shelving location | Date acquired | Source of acquisition | Full call number | Accession Number | Koha item type |
|---|---|---|---|---|---|---|---|---|---|---|
| Fiction | Main Library | Main Library | NEW SHELF WITH NEW ENTRY | 05/10/2023 | PURCHASE | 823 BHA/G | 12960 | Books |